000 01009nam a2200229Ii 4500
003 JO-AjNU
008 230605s9999||||xx |||||||||||||| ||und||
017 _a2018/7/3665
020 _a978- 9923- 15- 017- 7
040 _aJO-AjNU
_bara
_erda
_cJO-AjNU
041 _aara
050 1 4 _aKMM2.2 2020
100 3 _aالخرابشة، يشير عبد الرحمن ,
_eauthor
_959240
245 0 0 _aالنظام القانوني للمحكمة الدستورية: راسة مقارنة
250 _aط1
264 3 1 _aعمان: الدار العلمية الدولية للنشر والتوزيع؛ دار الثقافة للنشر والتوزيع،2020
300 _a360ص
_bيحتوي على مصادر ومراجع من ص343- 360 يحتوي على مجموعة من الرسائل الجامعية
336 _atext
_btxt
_2rdacontent
337 _aunmediated
_bn
_2rdamedia
338 _avolume
_bnc
_2rdacarrier
650 4 _aالمحاكم الدستورية- القانون الدستوري
_959241
999 _aA26648
_c30216
_d30216